'M' Countries Quiz Stats

 Plays Quiz Updated Feb 13, 2019

Support Sporcle.
Go Orange.
Score 0/18 Timer 04:00
8 Plays Today
Country % Correct
Mexico
86.5%
Mali
81.2%
Madagascar
79.6%
Morocco
77.3%
Monaco
72.9%
Mauritania
71%
Mongolia
71%
Moldova
70.7%
Malta
70.1%
Country % Correct
Mauritius
69.9%
Malaysia
69.7%
Mozambique
68.2%
Myanmar
67.5%
Malawi
66.3%
Montenegro
65.9%
Maldives
65.2%
Marshall Islands
54.7%
Micronesia
52%

You're not logged in!

Compare scores with friends on all Sporcle quizzes.
OR
Log In
Forgot?

From the Vault

Hidden Countries of South America

by teedslaststand

South America, your countries can't hide forever!
Remove Ads.
Support Sporcle.
Get the best of Sporcle when you Go Orange. This ad-free experience offers more features, more stats, and more fun while also helping to support Sporcle. Thank you for becoming a member.

Show Comments

Extras

Top Quizzes Today


Score Distribution

Your Account Isn't Verified!

In order to create a playlist on Sporcle, you need to verify the email address you used during registration. Go to your Sporcle Settings to finish the process.

Report this User

Report this user for behavior that violates our Community Guidelines.

Details: